Sports Quiz

Random Sports or Baseball Quiz

Cooperstown and College HOF Quiz Stats

 Plays Quiz not verified by Sporcle

Challenge
Share
Tweet
Score 0/7 Timer 02:00
0 Plays Today
College Hall of Famer % Correct
MinnesotaDave Winfield
58.3%
UCLAJackie Robinson
49%
ColumbiaLou Gehrig
48.3%
MichiganBranch Rickey
16.3%
BucknellChristy Mathewson
13.9%
AlabamaJoe Sewell
9.4%
MichiganGeorge Sisler
8.3%

You're not logged in!

Compare scores with friends on all Sporcle quizzes.
Join for Free
OR
Log In

You Might Also Like...

Show Comments

Extras

Top Quizzes Today


Score Distribution

Your Account Isn't Verified!

In order to create a playlist on Sporcle, you need to verify the email address you used during registration. Go to your Sporcle Settings to finish the process.

Report this User

Report this user for behavior that violates our Community Guidelines.

Details: